| 000 | 00414nam a22001457a 4500 | ||
|---|---|---|---|
| 008 | 150427b xxu||||| |||| 00| 0 eng d | ||
| 020 | _a9788792130181 | ||
| 050 | _aQ174.I365 | ||
| 100 |
_aIhde, Don _917564 |
||
| 245 |
_aIronic technics _c/by Don Ihde |
||
| 260 |
_aUnited Kingdom _bAutomatic Press _c2008 |
||
| 300 |
_avii,57p. ; _c22cm. |
||
| 650 |
_aTechnology _xPhilosophy _913704 |
||
| 942 |
_2lcc _cMONOGRAPH |
||
| 999 |
_c122773 _d122773 |
||